| 000 | 00583nam a2200181Ia 4500 | ||
|---|---|---|---|
| 003 | IN-BaIIA | ||
| 008 | 211028s9999 xx 000 0 eng d | ||
| 020 | _a0-19-509414-X | ||
| 040 | _cIIA Library | ||
| 080 |
_a523.9 _bHOY |
||
| 100 |
_aHoyt, Douglas V _921220 |
||
| 245 | 0 |
_aTher role of the sun in climate change _cDouglas V. Hoyt and Kenneth H. Schatten |
|
| 260 |
_aNew york _bOxford University Press _c1997 |
||
| 300 | _aviii, 279p. | ||
| 650 |
_aSolar Physics, Sun _921221 |
||
| 700 |
_aSchatten, Kenneth H. _921222 |
||
| 942 | _cBK | ||
| 999 |
_c12163 _d12163 |
||